000 00390nam a2200133Ia 4500
005 20251222143218.0
008 251222s9999||||xx |||||||||||||| ||spa||
020 _a9972-874-21-4
082 _a370.985/G86/Ej.2
100 _aGuerra Martiniére, Margarita
245 0 _aHistoria de la Educación Peruana en la República: 1821-1876
264 _bBiblioteca Nacional del Perú
942 _cLIB
999 _c13691
_d13691